LEADER 01135nam a2200277 i 4500 001 991000014669707536 005 20020503112258.0 008 980710s1988 it ||| | ||| 035 $ab10008470-39ule_inst 035 $aocm00008067$9ExL 040 $aDip.to Beni Culturali$bita 082 0 $a937.1 100 1 $aDurante, Bartolomeo$0459223 245 10$aAlbintimilium antico municipio romano /$cBartolomeo Durante, Mario De Apollonia 260 $aCavallermaggiore :$bGribaudo,$c1988 300 $a390 p., XLVIII p. di tav. :$bill. ;$c25 cm 490 0 $aEx libris aurum 500 $aSegue: Appendice. - Copia n. 88 delle 500 autografate dagli autori. 650 4$aArcheologia - Ventimiglia 700 1 $aDe Apollonia, Mario$eauthor$4http://id.loc.gov/vocabulary/relators/aut$0732990 907 $a.b10008470$b17-02-17$c31-05-02 912 $a991000014669707536 945 $aLE001 SR I 52$g1$i2001000000678$lle001$o-$pE0.00$q-$rl$s- $t0$u0$v0$w0$x0$y.i10011481$z31-05-02 996 $aAlbintimilium antico municipio romano$91444192 997 $aUNISALENTO 998 $ale001$b01-01-98$cm$da $e-$feng$git $h0$i1 LEADER 02371oam 2200505M 450 001 9910715615103321 005 20191121064231.4 035 $a(CKB)5470000002513917 035 $a(OCoLC)1065578366 035 $a(OCoLC)995470000002513917 035 $a(EXLCZ)995470000002513917 100 $a20070221d1845 ua 0 101 0 $aeng 135 $aurcn||||||||| 181 $ctxt$2rdacontent 182 $cc$2rdamedia 183 $acr$2rdacarrier 200 10$aIn Senate of the United States. February 10, 1845. Submitted, and ordered to be printed. Mr. Bayard submitted the following report: (To accompany Bill S. 76.) The Committee on Naval Affairs, to whom was referred Senate Bill No. 76, providing for the establishment of a naval school, submit the following report.. 210 1$a[Washington, D.C.] :$c[publisher not identified],$d1845. 215 $a1 online resource (6 pages) 225 1 $aSenate document / 28th Congress, 2nd session. Senate ;$vno. 92 225 1 $a[United States congressional serial set] ;$v[serial no. 451] 300 $aTitle taken from opening lines of text. 300 $aA Bill Providing for the Establishment of a Naval School, p. 5. 300 $aBatch processed record: Metadata reviewed, not verified. Some fields updated by batch processes. 300 $aFDLP item number not assigned. 517 $aIn Senate of the United States. February 10, 1845. Submitted, and ordered to be printed. Mr. Bayard submitted the following report 606 $aMilitary bases 606 $aNautical training-schools 606 $aMilitary education 606 $aWarships 608 $aLegislative materials.$2lcgft 615 0$aMilitary bases. 615 0$aNautical training-schools. 615 0$aMilitary education. 615 0$aWarships. 701 $aBayard$b Richard H$g(Richard Henry),$f1796-1868$pWhig (DE)$01408598 801 0$bWYU 801 1$bWYU 801 2$bOCLCO 801 2$bOCLCQ 906 $aBOOK 912 $a9910715615103321 996 $aIn Senate of the United States. February 10, 1845. Submitted, and ordered to be printed. Mr. Bayard submitted the following report: (To accompany Bill S. 76.) The Committee on Naval Affairs, to whom was referred Senate Bill No. 76, providing for the establishment of a naval school, submit the following report.$93536181 997 $aUNINA